000 00933nam a2200277 i 4500
001 13690
003 ES-MaACL
005 20230906150637.0
007 t|
008 980601s1983 fr ||||1| fre d
020 _a2-7116-0827-1
080 _a241.513.43
080 _a1 Kierkegaard, Sáuren
100 1 _aLhote, Aude-Marie.
_972139
245 1 3 _aLa notion de pardon chez Kierkegaard ou Kierkegaard lecteur de l'Epître aux Romains /
_cpar Aude-Marie Lhote ; préface de Henri Gouhier.
260 _aParis :
_bJ. Vrin,
_c1983.
300 _a143 p. ;
_c24 cm.
490 1 _aBibliothèque d'histoire de la philosophie
504 _aBibliografía : p. [139]-143.
600 1 4 _aKierkegaard, Søren (
_d1813-1855)
_968014
650 1 4 _aPerdón.
_915935
700 1 _aGouhier, Henri.
_959322
830 0 _aBibliothèque d'histoire de la philosophie
_9177275
852 _aES-MaACL
_jL-21040
_bR.115714
999 _c13690
_d13690